| 000 | 01163nam0a22002291 4500 | ||
|---|---|---|---|
| 001 | rc\3962797 | ||
| 005 | 20260407122934.0 | ||
| 035 | _a(NLR Aleph) 007928453 | ||
| 090 |
_a8202996 _c8202996 |
||
| 100 | _a20130415a19569999|||y0rusy50 ca | ||
| 101 | 0 | _arus | |
| 102 | _aRU | ||
| 105 | _ay z ||||| | ||
| 200 | 1 |
_aБюллетень технической информации _e№ 1- _fОдес. обл. отд-ние О-ва по распространению полит. и науч. знаний Украинской ССР. Одес. обл. правление Науч. техн. о-ва машиностроит. пром-сти |
|
| 210 |
_aОдесса _cБ. и. _d1956- |
||
| 710 | 0 | 2 |
_a"Знание", общество УССР _cКиев _bОдесское областное отделение _3RU\NLR\AUTH\889960568 _9417415 |
| 801 | 0 |
_aRU _bNLR _gpsbo |
|
| 801 | 1 |
_aRU _bELAR _2rusmarc |
|
| 830 | _aПеречень имеющихся в библиотеке томов, номеров, годов этого издания смотри в каталоге периодических изданий | ||
| 852 |
_aNLR _jП11/1190 |
||
| 942 | _cBOOK | ||
| 980 | _aNB | ||